[Event "Baku Open 2018"]
[Site "Baku"]
[Date "2018.11.29"]
[Round "6"]
[White "Gasanov, Eldar"]
[Black "Aleksandrov, Aleksej"]
[Result "1-0"]
[WhiteElo "2502"]
[BlackElo "2599"]
[Annotator "TA"]
[PlyCount "62"]
[EventDate "2018.11.24"]
[EventType "swiss"]
[EventCountry "AZE"]
[SourceTitle "playchess.com"]
[Source "ChessBase"]
[SourceQuality "1"]

{[%evp 16,62,27,13,29,28,31,0,0,0,0,4,0,0,0,-10,0,-33,-27,-66,-61,-183,-139,-289,-281,-247,-64,-62,-61,-86,0,-51,29,10,286,278,350,353,333,334,386,379,367,368,785,772,765,772,706]} 1. d4 d5 2. c4 e6 3. Nc3 Bb4 4. e3 Nf6 5. Nf3 O-O 6. Bd2 b6 7. cxd5 exd5 8. Rc1 {E51: Nimzo-Indian: Rubinstein: 4...0-0 5 Nf3 d5} a6 (8... Be7 9. Bd3 Bb7 10. O-O c5 11. dxc5 bxc5 12. Re1 Nc6 13. Bb1 Re8 14. e4 dxe4 15. Nxe4 Nd4 {½-½ (54) Vitiugov,N (2730)-Inarkiev,E (2690) Satka 2018}) 9. Bd3 {LiveBook: 6 Games} Bg4 10. O-O {White has an edge.} Re8 11. Re1 $146 ({Predecessor:} 11. Qc2 Bxf3 12. gxf3 Bd6 13. Ne2 c5 14. dxc5 bxc5 15. Ng3 Nc6 {½-½ (46) Jakubowski,K (2512)-Wandzik,W (2404) Katowice 2018}) 11... Nbd7 12. a3 Bxc3 $1 13. Bxc3 Ne4 14. Be2 Qf6 15. Qc2 Re6 16. Red1 Qh6 17. Be1 c6 18. a4 (18. Ne5 $1 $15 Nxe5 19. dxe5 Bxe2 20. Qxe2) 18... a5 19. Kh1 {[#]} (19. Ne5 $17 {might work better.} Nxe5 20. dxe5 Bxe2 21. Qxe2) 19... Rf6 $1 $19 20. Rd3 {[#]} Rc8 $2 (20... Qh5 $1 $19 21. Kg1 Rh6) 21. Bd1 $1 $15 Bf5 22. Qe2 Bg4 {aiming for ...Ng5.} 23. Qc2 Rf5 ({Black should try} 23... Re8 $15) 24. Ng1 $1 $11 Ndf6 $2 {[%mdl 8192]} (24... Bxd1 $11 25. Rcxd1 Rf6) 25. f3 $18 {[%cal Bf2f3,Bf3f4][%mdl 96] Double Attack} Rh5 {[%csl Gh6][%cal Rh5h2]} 26. h3 Bxh3 27. gxh3 Ng5 28. f4 {[%mdl 64] Discovered Attack} Rxh3+ 29. Nxh3 Nxh3 $2 (29... Qxh3+ 30. Kg1 Nge4) 30. Qh2 Ne4 31. Kg2 {[%mdl 64] Trapped Piece} Qg6+ {Accuracy: White = 46%, Black = 40%.} 1-0

[Event "Baku Open 2018"]
[Site "Baku"]
[Date "2018.11.29"]
[Round "6"]
[White "Asadli, Vugar"]
[Black "Suleymanli, Aydin"]
[Result "1-0"]
[WhiteElo "2471"]
[BlackElo "2313"]
[Annotator "TA"]
[PlyCount "69"]
[EventDate "2018.11.24"]
[EventType "swiss"]
[EventCountry "AZE"]
[SourceTitle "playchess.com"]
[Source "ChessBase"]
[SourceQuality "1"]

{[%evp 20,69,0,7,45,56,72,64,33,44,56,20,27,33,40,37,58,23,20,-60,-45,-22,-10,-1,0,0,34,0,68,47,83,91,260,264,256,222,350,341,521,518,604,585,559,528,637,631,822,768,29967,29966,29992,29993]} 1. e4 c6 2. d4 d5 3. e5 Bf5 4. h4 h5 5. c4 e6 6. Nc3 Ne7 7. Nge2 {B12: Caro-Kann: Advance Variation} dxc4 (7... Bg4 8. Bg5 Qb6 9. c5 Qc7 10. f3 Bf5 11. Ng3 f6 12. Bf4 Nd7 13. exf6 Qxf4 14. Nce2 Qh6 15. fxe7 Bxe7 16. Nxf5 exf5 {½-½ (27) Sutovsky,E (2647)-Artemiev,V (2704) Poikovsky 2018}) 8. Ng3 b5 9. Be2 Bg6 10. Bg5 Qb6 11. a4 {LiveBook: 3 Games} Nd5 12. O-O ({Worse is} 12. Bxh5 Bd3 $17) 12... Be7 13. axb5 $146 ({But not} 13. Nxh5 Bxg5 14. hxg5 b4 $15) ({Predecessor:} 13. Bxe7 Nxe7 14. Bf3 Bd3 {1-0 (27) Kadric,D (2485)-Yang,D (2493) Dallas 2014}) 13... Bxg5 14. hxg5 {[%cal Re2h5]} cxb5 15. Bf3 ({Reject} 15. Nxh5 Nc6 $15) 15... Nc6 16. Bxd5 exd5 17. Nxd5 Qd8 18. Qf3 O-O 19. Nf6+ (19. Rfd1 $11) 19... gxf6 $15 20. Qxc6 fxe5 21. dxe5 Qxg5 22. Rfe1 h4 23. Ne4 {[%mdl 1024] White has compensation.} Qf4 ({Better is} 23... Bxe4 $1 $11 24. Qxe4 a5) 24. Ra3 {[%cal Ba1a3,Ba3f3,Bf3f4,Bf4g4][%mdl 32]} Kg7 25. Nd6 $1 a6 $2 (25... Bd3 $16) 26. Rf3 $1 $18 {[%cal Rf3f4]} Qg5 27. Qd5 Rad8 {[#]} (27... Rae8 {keeps fighting.} 28. Nxe8+ Rxe8) 28. Qd4 $1 {Threatens to win with e6+.} Kg8 (28... Qe7 {is a better defense.} 29. Rf6 Rh8) 29. Rf4 Rfe8 {[#] Hoping for ...Rxd6!} 30. Re3 $1 Re6 31. Rg4 Qh6 32. f4 {[%cal Bf2f4,Bf4f5][%mdl 32]} Qh5 33. f5 Rdxd6 34. exd6 {[%cal Be5d6,Bd6d7][%mdl 32]} Rxe3 35. d7 {Accuracy: White = 76%, Black = 20%.} 1-0

[Event "Baku Open 2018"]
[Site "Baku"]
[Date "2018.11.29"]
[Round "6"]
[White "Aliyev, Ravan"]
[Black "Tsydypov, Zhamsaran"]
[Result "0-1"]
[WhiteElo "2351"]
[BlackElo "2530"]
[Annotator "TA"]
[PlyCount "99"]
[EventDate "2018.11.24"]
[EventType "swiss"]
[EventCountry "AZE"]
[SourceTitle "playchess.com"]
[Source "ChessBase"]
[SourceQuality "1"]

{[%evp 18,99,25,28,26,0,25,19,81,70,79,76,68,74,78,82,87,64,50,34,34,34,39,36,32,35,68,70,66,54,132,115,189,175,166,160,148,137,145,133,225,138,328,161,153,87,83,41,34,33,33,-108,-94,-91,-107,-79,-83,-77,-64,-60,-57,-187,-189,-463,-452,-1625,-1201,-12822,-992,-684,-645,-12830,-12833,-12835,-12823,-12837,-12833,-12840,-12838,-12839,-12837,-12839,-12839,-6729]} 1. d4 Nf6 2. c4 c5 3. d5 b5 4. cxb5 a6 5. bxa6 g6 6. Nc3 {A58: Benko/Volga Gambit: Lines with 5 bxa6} Bg7 7. e4 O-O 8. e5 Ne8 9. Nf3 d6 10. Bf4 {LiveBook: 8 Games} Nxa6 $146 ({Predecessor:} 10... Nd7 11. exd6 exd6 12. Be2 Bxa6 13. O-O Nb6 {½-½ (46) Raznikov,D (2490)-Ivanisevic,I (2633) Yerevan 2014}) 11. h3 Qb6 12. Qd2 Rb8 (12... Qc7 $11 {remains equal.}) 13. b3 $16 {[%cal Bb2b3,Bb3c4][%mdl 32]} Nac7 14. Bc4 Ba6 15. Rc1 Bxc4 16. bxc4 Qa6 17. Ne4 Rb4 18. exd6 exd6 19. O-O $36 {[%mdl 2048] White is more active.} f5 20. Neg5 Rxc4 21. Ne6 {Black must now prevent Nxc7.} Nxe6 22. dxe6 {Strongly threatening e7.} Re4 23. Rfe1 Rf6 {[#]} (23... Nf6 $14) 24. e7 $1 {Hoping for Qd5+.} Qc6 (24... Qa8 $16) 25. Ng5 $18 Ra4 26. Ne6 Qa8 27. Bg5 Rxa2 28. Qe3 f4 (28... Ra3 $16 29. Qe2 Ra2) 29. Bxf4 ({Not} 29. Nxf4 Rf7 $14) 29... Bh8 $2 (29... Qd5 $16 {is a better defense.} 30. Nxg7 Kxg7) 30. Qb3 (30. Rcd1 $142) 30... Qa4 31. Qd5 ({Better is} 31. Qb8 Rxe6 32. Rxe6) 31... Rf5 $16 32. Be5 {White threatens Ng5+ and mate.} Qa8 33. Qxa8 Rxa8 34. Bxd6 (34. Bxh8 $14 {stays ahead.} Kxh8 35. g4) 34... Nxd6 $17 35. Nc7 Rc8 36. e8=Q+ Nxe8 37. Nxe8 {Threatens to win with Nd6.} Bd4 38. Nd6 $1 {[%cal Rd6c8]} Bxf2+ {[%mdl 64] Double Attack} 39. Kh1 (39. Kf1 $15 Bxe1+ 40. Nxf5) 39... Bxe1 $19 40. Rxe1 $2 {[#]} (40. Nxf5 Bd2 41. Rc2) 40... Rff8 $1 {Black is clearly winning.} 41. Nxc8 (41. Rc1 $142 Rc6 42. Nc4) 41... Rxc8 {[%mdl 4096] Endgame KR-KR} 42. Kg1 Kf7 (42... c4 $142 43. Kf2 Kf7) 43. Kf2 c4 {[%cal Bc5c4,Bc4c3][%mdl 32]} 44. Rc1 c3 45. Ke2 Kf6 46. Kd3 Kg5 47. Kc2 Kf4 48. Re1 h5 49. Re6 g5 50. Rd6 {Accuracy: White = 42%, Black = 52%.} 0-1

[Event "Baku Open 2018"]
[Site "Baku"]
[Date "2018.11.29"]
[Round "6"]
[White "Ahmadzada, Ahmad"]
[Black "Guliev, Logman"]
[Result "0-1"]
[WhiteElo "2343"]
[BlackElo "2312"]
[Annotator "TA"]
[PlyCount "80"]
[EventDate "2018.11.24"]
[EventType "swiss"]
[EventCountry "AZE"]
[SourceTitle "playchess.com"]
[Source "ChessBase"]
[SourceQuality "1"]

{[%evp 16,80,-12,0,7,-7,6,-16,-18,-31,-31,-40,-30,-31,-34,-42,-22,-39,-17,-37,-49,-41,-39,-33,-44,-50,-50,-52,-49,-66,-66,-74,-59,-57,-36,-123,-94,-87,-88,-222,-238,-316,-305,-312,-306,-351,-375,-346,-253,-273,-272,-268,-264,-238,-224,-254,-268,-239,-195,-231,-227,-233,-221,-232,-218,-222,-160]} 1. c4 Nf6 2. Nc3 g6 3. d4 Bg7 4. g3 O-O 5. Bg2 d6 6. e3 c6 7. Nge2 e5 8. b3 Re8 {E61: King's Indian: Early deviations for White, including Smyslov System} 9. h3 {LiveBook: 5 Games} (9. d5 cxd5 10. Nxd5 Nxd5 11. Qxd5 e4 12. Rb1 Nc6 13. O-O Bg4 14. Qd2 d5 15. cxd5 Bxe2 16. Qxe2 Qxd5 {1-0 (53) Hulak,K (2546)-Fedorov,A (2620) Rabac 2004}) 9... Na6 10. O-O $1 h5 {The position is equal.} 11. Ba3 $146 ({Predecessor:} 11. e4 exd4 12. Nxd4 Nc5 13. Re1 d5 14. cxd5 cxd5 15. exd5 Rxe1+ 16. Qxe1 Nxd5 17. Nxd5 Bxd4 {1-0 (34) Cerisier,P-Roos,M Belfort 1983}) 11... e4 12. b4 Nc7 13. b5 cxb5 14. cxb5 Bf5 15. Qb3 Qd7 16. h4 Bh6 17. Qb4 Rad8 18. Qa4 Ncd5 19. Nxd5 $1 Nxd5 20. Qb3 Be6 {[#] ...Nxe3 is the strong threat.} 21. Nc3 $1 {[%cal Rc3d5]} Nf6 (21... Nxe3 $6 22. d5 $16) 22. d5 Bh3 23. Bb2 Bxg2 24. Kxg2 Qf5 {[#] Threatens to win with ...Qf3+.} 25. f4 (25. Ne2 $15) 25... Rc8 26. Ne2 Bg7 (26... Nxd5 27. Nd4 $16) 27. Bxf6 (27. Bd4 $17) 27... Bxf6 $19 ({Weaker is} 27... Qxf6 28. Rac1 $15) 28. Rac1 Qg4 29. Qd1 Bxh4 $1 30. Rxc8 Rxc8 31. f5 Bg5 32. fxg6 fxg6 33. Nf4 Qxd1 34. Rxd1 {[%mdl 4096] Endgame KRB-KRN} Rc2+ 35. Kh3 Bxf4 ({Don't take} 35... Rxa2 36. Nxg6 Ra3 37. Nf4 $19) 36. exf4 Kf7 {Black is clearly better.} 37. Re1 Rc4 ({Much less strong is} 37... Rxa2 38. Rxe4 Rb2 39. Ra4) 38. Kh4 Kf6 {Hoping for ...Kf5.} 39. g4 hxg4 40. Kxg4 Rd4 {Accuracy: White = 34%, Black = 77%.} 0-1

[Event "Baku Open 2018"]
[Site "Baku"]
[Date "2018.11.29"]
[Round "6"]
[White "Babazada, Khazar"]
[Black "Abasov, Nijat"]
[Result "1/2-1/2"]
[WhiteElo "2269"]
[BlackElo "2629"]
[Annotator "TA"]
[PlyCount "106"]
[EventDate "2018.11.24"]
[EventType "swiss"]
[EventCountry "AZE"]
[SourceTitle "playchess.com"]
[Source "ChessBase"]
[SourceQuality "1"]

{[%evp 19,106,21,78,0,0,0,26,19,44,0,64,47,43,35,38,9,10,13,27,18,20,15,27,0,0,0,17,-6,0,-1,0,-10,0,0,0,0,-4,-7,-6,-13,-8,-10,-4,-4,0,-10,-4,-11,-11,-11,-12,-20,0,-20,-11,-11,0,-14,-14,-14,-11,-11,-11,-14,-14,-12,-13,-67,-14,-14,0,-23,-20,-34,-13,-30,-4,-18,0,-91,-19,-23,-30,-41,8,7,1,0,158]} 1. e4 c5 2. Nf3 d6 3. d4 cxd4 4. Nxd4 Nf6 5. Nc3 Nc6 6. Bg5 e6 7. Qd2 a6 8. O-O-O Bd7 9. f4 {[%cal Bf2f4,Bf4f5][%mdl 32]} Be7 10. Be2 Qc7 {LiveBook: 33 Games} (10... Nxd4 $11 11. Qxd4 Bc6) 11. Nxc6 {B68: Sicilian: Richter-Rauzer: 7...a6 8 0-0-0 Bd7 9 f4 Be7} ({Better is} 11. Nb3 $16) (11. Nb3 b5 12. Bxf6 gxf6 13. Bh5 b4 14. Ne2 a5 15. Nbd4 Nxd4 16. Nxd4 a4 17. f5 b3 18. a3 e5 19. Ne6 {1-0 (27) Kurnosov,I (2666)-Boros,D (2494) Austria 2009}) 11... Bxc6 $11 12. Bf3 O-O-O $146 ({Predecessor:} 12... h6 13. Bxf6 gxf6 14. f5 h5 15. Qe2 b5 16. fxe6 fxe6 17. Bxh5+ Kf8 18. Qg4 Rc8 {1-0 (43) Feldmann,K-Mueller,W Germany 1988}) 13. f5 {White has an edge.} Kb8 14. Kb1 b5 (14... d5 $11 15. exd5 Nxd5 16. Bxd5 (16. Nxd5 Bxd5 17. Bf4 Bd6 $11) 16... Bxd5) 15. Qe3 Rhe8 16. fxe6 fxe6 17. e5 dxe5 18. Bxc6 Qxc6 19. Qxe5+ Bd6 {[%cal Be7d6,Bd6c7,Bc7e5][%mdl 32]} 20. Qe3 Kb7 21. Ne2 Bc7 22. Qh3 Be5 23. Nc1 Rc8 24. Qd3 Qxg2 25. Bxf6 Bxf6 26. Qxh7 Rh8 27. Qd3 Rh3 28. Qd2 Qxd2 29. Rxd2 e5 30. Re2 Rh4 31. c3 Rd8 32. Kc2 Rh3 33. Nb3 Kc6 34. Nd2 Rdh8 35. Ne4 R8h4 36. Nd2 Kd5 37. Ne4 Kc6 38. Nd2 a5 39. Ne4 Be7 40. Nd2 Kd5 41. Rhe1 Bf6 42. Nf1 Ke6 43. Rf2 (43. Rg2 $11) 43... Bg5 ({Black should try} 43... Ra4 $15 44. Ng3 Rg4) 44. Rg2 Bf6 45. Ree2 Rf4 46. Nd2 Kf5 47. Rg1 e4 {[%cal Be5e4,Be4e3][%mdl 32]} 48. Nf1 Bh4 49. Nd2 (49. Ng3+ $11 {remains equal.} Bxg3 50. hxg3) 49... Rf2 ({Black should play} 49... g5 $17 50. Nb3 Rf2) 50. Rxf2+ Bxf2 51. Rxg7 e3 {[#] And now ...e2 would win.} (51... Rxh2 $5 {[%cal Rf2e3]} 52. Nf1 Bd4+ 53. Nxh2 Bxg7 $17) 52. Kd1 Bh4 53. Nf1 {Black must now prevent Ke2.} Ke5 $2 {Accuracy: White = 48%, Black = 41%.} (53... Rf3 $11 54. Ng3+ Ke5) 1/2-1/2

[Event "Baku Open 2018"]
[Site "Baku"]
[Date "2018.11.29"]
[Round "6"]
[White "Bayramov, Vugar"]
[Black "Gareyev, Timur"]
[Result "0-1"]
[WhiteElo "2215"]
[BlackElo "2584"]
[Annotator "TA"]
[PlyCount "110"]
[EventDate "2018.11.24"]
[EventType "swiss"]
[EventCountry "AZE"]
[SourceTitle "playchess.com"]
[Source "ChessBase"]
[SourceQuality "1"]

{[%evp 10,110,60,55,54,46,47,41,43,41,65,40,46,41,51,43,44,38,49,43,51,46,49,-12,-10,-17,99,104,100,90,82,82,97,89,310,304,281,145,168,119,117,112,119,82,82,78,82,74,77,72,77,72,84,0,58,44,57,0,0,0,0,0,0,-42,-52,-44,0,-65,-72,-164,-164,-165,-158,-353,-353,-326,-183,-349,-337,-499,-497,-493,-489,-649,-696,-684,-444,-1083,-562,-879,-880,-828,-837,-1848,-1270,-1931,-1826,-1763,-1770,-1711,-1611,-29992,-29993]} 1. d4 Nf6 2. Nf3 d6 3. c4 Bg4 4. Nc3 Bxf3 5. exf3 c6 6. Bd3 {LiveBook: 3 Games. A53: Old Indian Defence without Nf3} (6. Be2 g6 7. Be3 Bg7 8. O-O Nbd7 9. f4 O-O 10. d5 Qa5 11. Bf3 Nb6 12. dxc6 bxc6 13. Bxc6 Rac8 {½-½ (41) Sanal,V (2475)-Romanov,E (2644) Lienz 2017}) 6... g6 7. O-O Bg7 8. Re1 $146 {White is slightly better.} ({Predecessor:} 8. f4 O-O 9. f5 d5 10. c5 b6 11. Ne2 Nbd7 12. Qc2 bxc5 13. dxc5 Ne5 {0-1 (36) Cooper,J (2390)-Levitt,J (2480) Plymouth 1989}) 8... O-O 9. Bg5 Nbd7 10. Qd2 Re8 11. Rad1 d5 12. b3 e6 13. h4 a5 14. h5 Qb6 15. hxg6 hxg6 16. c5 (16. Be2 $14) 16... Qb4 $11 17. Be3 {Hoping for a3!} Nxc5 (17... e5 $11 18. dxe5 Rxe5) 18. a3 $1 $36 {[%cal Ra3b4][%mdl 2048] White has strong initiative.} ({But not} 18. dxc5 $6 d4 $11) 18... Qxb3 19. Bc2 Qxa3 20. dxc5 {Ra1 is the strong threat.} Nd7 21. Na4 Ra7 $2 (21... Qb4 $16) 22. Rb1 $18 Qa2 23. Qd3 (23. Qd1 $18) 23... Ne5 24. Qb3 Qxb3 25. Rxb3 Nc4 26. Bd3 Nxe3 27. fxe3 f5 28. Reb1 Re7 29. Kf2 Bf6 30. Nb6 {Strongly threatening Nc8.} Rc7 31. Na4 ({White should play} 31. Ra3 $16) 31... Rh7 (31... Re7 $1 $11) 32. Bf1 g5 33. Ke2 ({White should try} 33. Nb6 $14) 33... Rh4 $11 34. Nb6 a4 35. Ra3 Be7 36. Rc1 {White wants to play Nc8.} Ra5 37. Nd7 Rb4 38. Kd2 {[#]} (38. Ra2 $11) 38... b6 $1 $15 {[%mdl 512]} 39. Rac3 {[#]} (39. Rca1 $17) (39. cxb6 Rb2+) 39... bxc5 $1 $19 40. Nxc5 Rb2+ 41. Kd3 $2 (41. Kd1 $17) 41... e5 {aiming for ...a3.} 42. e4 fxe4+ (42... a3 $142 43. Nb3 Ra4 44. exd5 cxd5) 43. fxe4 $2 (43. Nxe4 a3 44. R3c2) 43... a3 {[%cal Ba4a3,Ba3a2][%mdl 32]} 44. Nb3 (44. R3c2 $142) 44... Ra4 45. exd5 cxd5 46. Rc8+ Kf7 47. Na1 a2 48. R8c7 (48. Kc3 $142 Rb1 49. Kc2) 48... Ke6 49. R7c2 e4+ 50. Ke2 Rb1 51. Ke3 Ke5 52. Kd2 g4 53. Ke2 Bg5 54. Rd1 Ra3 {( -> ...Re3+)} 55. Rc5 Re3+ {Precision: White = 22%, Black = 66%.} 0-1

[Event "Baku Open 2018"]
[Site "Baku"]
[Date "2018.11.30"]
[Round "7"]
[White "Guseinov, Gadir"]
[Black "Demianjuk, Alexander"]
[Result "1-0"]
[WhiteElo "2664"]
[BlackElo "2332"]
[Annotator "TA"]
[PlyCount "71"]
[EventDate "2018.11.24"]
[EventType "swiss"]
[EventCountry "AZE"]
[SourceTitle "playchess.com"]
[Source "ChessBase"]
[SourceQuality "1"]

{[%evp 24,71,10,10,1,-11,47,-13,34,29,81,93,131,175,143,158,162,161,162,159,168,104,152,122,164,162,513,339,489,500,464,354,425,515,525,502,470,460,390,299,289,299,393,357,1045,1027,1010,995,1103,1100]} 1. e4 e6 2. d4 d5 3. Nd2 c5 4. Ngf3 cxd4 5. Nxd4 Nc6 6. Bb5 Bd7 7. Nxc6 bxc6 8. Bd3 Bd6 {C07: French Tarrasch: 3...c5, 4 Ngf3 and 4 exd5 Qxd5} 9. Qe2 Ne7 10. Nf3 Ng6 (10... h6 11. c4 O-O 12. O-O a5 13. Re1 a4 14. Bd2 Rb8 15. Bc3 Bb4 16. Ne5 Bxc3 17. bxc3 {½-½ (52) Navara,D (2740)-Kovalenko,I (2639) Katowice 2017}) 11. e5 Bc7 12. O-O O-O 13. b3 {LiveBook: 6 Games} c5 14. Re1 $146 ({Predecessor:} 14. c4 dxc4 15. Be4 cxb3 16. axb3 {½-½ (54) Nemec,Z (2114)-Voveris,G (2275) ICCF email 2016}) 14... Bc6 (14... h6 $11) 15. c3 (15. Ng5 $14 Qe8 16. Qg4 (16. Qh5 h6 $11)) 15... Qd7 16. h4 d4 {[#]} (16... Ba5 $11 {remains equal.} 17. Bd2 d4) 17. h5 $1 $16 {[%cal Rh5g6]} Bxf3 18. Qxf3 Nxe5 {[#]} 19. Rxe5 $1 {[%mdl 512]} Bxe5 20. Qe4 $1 {[%csl Gd3,LRe5,LRh7][%cal Re4h7]} f6 21. f4 Bd6 {Hoping for ...f5.} 22. Qxh7+ Kf7 23. cxd4 f5 {[#] aiming for ...Bxf4!} 24. d5 $1 {[%cal Rd5e6][%mdl 512]} Ke7 $2 (24... Rh8 {is more resistant.} 25. Qg6+ Kg8) (24... exd5 25. h6) 25. Bd2 Kd8 (25... c4 $142) 26. dxe6 $18 Qxe6 {intending ...Qf6.} 27. Qxg7 {Threatening mate with Ba5+.} Qe7 28. Ba5+ Kc8 29. Ba6+ Kd7 30. Bb5+ Kc8 31. Qxe7 Bxe7 32. Rd1 {White threatens Ba6+ and mate.} Rf6 33. Bc3 Rd6 $2 (33... Rh6 34. Bd7+ Kc7 35. Bxf5 Rf8 36. Be5+ Bd6) 34. Rxd6 {White is clearly winning.} Bxd6 35. h6 {[%cal Bh5h6,Bh6h7][%mdl 32]} a6 36. h7 {Precision: White = 67%, Black = 23%.} 1-0

[Event "Baku Open 2018"]
[Site "Baku"]
[Date "2018.11.30"]
[Round "7"]
[White "Abasov, Nijat"]
[Black "Davidov, Samir"]
[Result "1/2-1/2"]
[WhiteElo "2629"]
[BlackElo "2314"]
[Annotator "TA"]
[PlyCount "137"]
[EventDate "2018.11.24"]
[EventType "swiss"]
[EventCountry "AZE"]
[SourceTitle "playchess.com"]
[Source "ChessBase"]
[SourceQuality "1"]

{[%evp 17,136,48,109,46,56,35,113,106,177,167,193,187,163,164,185,148,198,198,212,205,242,216,300,300,325,337,331,305,310,227,222,231,229,234,249,241,228,217,205,129,153,133,125,120,127,133,126,128,112,55,54,0,110,31,31,31,174,177,232,37,46,31,31,31,31,31,31,31,31,31,31,31,31,31,31,31,31,31,31,31,31,31,31,31,31,31,31,24,31,31,31,31,31,31,32,0,41,0,24,0,0,0,0,0,0,0,0,0,0,0,0,0,0,0,85,0,0,0,0,0,0]} 1. e4 d6 2. d4 Nf6 3. Nc3 Nbd7 4. Nf3 e5 5. Bc4 h6 6. a4 {C41: Philidor Defence} (6. dxe5 dxe5 7. Qe2 c6 8. a4 Qa5 9. O-O Bb4 10. Nb1 O-O 11. c3 Be7 12. Nh4 Qc7 13. Nd2 a5 {½-½ (77) Predke,A (2601)-Belyakov,B (2486) Sochi 2017}) 6... c6 7. a5 Be7 8. O-O Qc7 9. Re1 g5 {LiveBook: 3 Games} (9... O-O $14) 10. dxe5 (10. Bb3 $16) 10... dxe5 $14 11. h4 $146 ({Predecessor:} 11. Nd2 Nf8 12. Nb3 Be6 13. Qe2 Bb4 14. Be3 Be7 15. Nc5 Bxc4 16. Qxc4 {½-½ (37) Lysenko,V (1958)-Zorin,A (2183) Ekaterinburg 2018}) 11... gxh4 (11... Ng4 $14) 12. Nxh4 $16 b5 (12... Nc5 $16 {keeps fighting.}) 13. axb6 $1 $18 Nxb6 14. Bb3 Bg4 15. Qd3 Rd8 16. Qa6 $36 {[%mdl 2048] White is in control.} Rd7 17. Nf5 Bxf5 18. exf5 Ng4 19. Ne4 Qd8 {Black hopes to continue with ...Bb4.} 20. Qe2 Rg8 21. c3 h5 22. f6 Nxf6 23. Nxf6+ (23. Ng5 $6 Bd6 $18) 23... Bxf6 24. Qxh5 Nd5 25. Bxd5 cxd5 26. Bf4 e4 27. Ra6 Qe7 28. Qf5 Bg5 29. Be5 {Strongly threatening g3.} Bh4 30. Bf6 Bxf6 31. Rxf6 Kf8 32. Qf4 Rh8 33. c4 (33. Re3 $16) 33... dxc4 $14 34. Rh6 (34. g3 $14 Rd4 35. Rf5) 34... Rg8 {[#]} (34... Rxh6 $11 35. Qxh6+ Kg8) 35. Rh7 ({Reject} 35. Qxe4 $6 Qxe4 36. Rxe4 Rd1+ 37. Kh2 Rd2 $11) (35. Rc6 $1 $16 Rg5 36. g3 (36. Rxc4 e3 $16) (36. Qxe4 Qxe4 37. Rxe4 Rd1+ 38. Kh2 Rh5+ 39. Kg3 Rg5+ 40. Kf3 Rd3+ 41. Re3 Rd2 $11) (36. Rxe4 Rd1+ 37. Kh2 Rh5+ 38. Kg3 Qg5+ 39. Qg4 Rd3+ 40. f3 f5 $11)) 35... Rg6 $1 36. Rxe4 Rd1+ (36... Qg5 $1 $14 37. Qxg5 Rxg5) 37. Kh2 $18 Qf6 {[#]} 38. Rxc4 $2 ({Only move:} 38. Qe3 $1 $18 {[%csl Ge3][%cal Re4e8]} Rd8 39. Rxc4) 38... Kg8 $14 39. Rh4 {Threatens to win with Qb8+.} (39. Rh3 {seems wilder.} Kg7 40. Qe3 Qg5 41. Qe4 Qd5 42. b4) 39... Qxf4+ 40. Rhxf4 {[%mdl 4096] Endgame KRR-KRR} Rh6+ 41. Kg3 Rg6+ 42. Rg4 Rd3+ 43. f3 Rxg4+ 44. Rxg4+ {KR-KR} Kf8 45. Rb4 a5 46. Rb7 a4 47. Kh4 a3 48. bxa3 Rxa3 49. f4 Kg7 50. g4 Ra5 51. f5 Ra4 52. Rb5 Ra6 53. Kg5 Rc6 54. Rb7 Ra6 55. Re7 Rb6 56. Kf4 Rb1 57. Re3 Ra1 58. g5 Ra4+ 59. Re4 Ra1 60. Kg4 Rh1 61. Re3 Rg1+ 62. Rg3 Rf1 (62... Re1 {is more complex.} 63. Rf3 Rg1+ 64. Rg3) 63. Rh3 (63. Kh5 {with more complications.} Rh1+ 64. Kg4 Rf1) 63... Rg1+ 64. Kh5 (64. Kf3 {keeps more tension.} Rf1+ 65. Kg3 Rxf5 66. Kg4 Rb5 67. Rf3) 64... Rg2 65. Rh1 Kh7 (65... f6 $11) 66. f6 ({Better is} 66. Rd1 $16) 66... Rg3 $11 {The position is equal.} 67. Ra1 Rg2 68. Ra8 $2 {[%mdl 8192]} (68. Ra4) 68... Rxg5+ 69. Kxg5 {Accuracy: White = 54%, Black = 60%.} 1/2-1/2

[Event "Baku Open 2018"]
[Site "Baku"]
[Date "2018.11.30"]
[Round "7"]
[White "Aleksandrov, Aleksej"]
[Black "Babazada, Khazar"]
[Result "1-0"]
[WhiteElo "2599"]
[BlackElo "2269"]
[Annotator "TA"]
[PlyCount "85"]
[EventDate "2018.11.24"]
[EventType "swiss"]
[EventCountry "AZE"]
[SourceTitle "playchess.com"]
[Source "ChessBase"]
[SourceQuality "1"]

{[%evp 18,85,47,23,22,7,19,16,17,10,29,31,78,71,108,107,104,102,103,86,107,91,129,134,136,136,148,146,147,137,146,114,206,208,204,196,196,192,198,162,163,165,212,201,212,205,211,189,200,185,198,189,206,199,254,177,179,181,345,332,336,325,324,301,528,518,520,518,779,760]} 1. d4 Nf6 2. c4 g6 3. Nc3 d5 4. Bf4 c6 5. e3 Bg7 6. Nf3 O-O 7. h3 Nbd7 8. cxd5 Nxd5 9. Nxd5 cxd5 10. Bd3 {LiveBook: 3 Games} Qa5+ {D93: Grünfeld: 4 Nf3 Bg7 5 Bf4 0-0 6 e3} 11. Qd2 Qxd2+ 12. Kxd2 f6 {aiming for ...e5.The position is equal.} 13. Bc7 (13. Bh2 e5 14. Be2 e4 15. Ne1 Nb6 16. Nc2 Be6 17. b3 Rfc8 18. Bd6 {0-1 (41) Konopka,M (2453)-Votava,J (2534) Czechia 2012}) 13... e5 14. Bc2 e4 {[#]} 15. Ng1 $1 $36 {[%mdl 2048] Black is under strong pressure.} Nb6 $146 {[#]} ({Predecessor:} 15... f5 16. Ne2 Nf6 17. Bb3 Be6 18. Rhc1 {½-½ (28) Kozak,M (2229)-Reznicek,M (2058) Piestany 2009}) 16. Bxb6 $1 axb6 17. Ne2 Be6 18. Rhc1 Rfd8 19. Bb3 Rd7 20. Rc2 g5 21. Rac1 Bf8 22. Rc8 Rxc8 23. Rxc8 Kf7 24. Ba4 Re7 (24... Bb4+ $16 25. Kd1 Re7) 25. Rc3 $18 Bd7 26. Bxd7 Rxd7 {[%mdl 4096] Endgame KRB-KRN} 27. Rb3 Rd6 28. Rb5 Ke6 29. Nc3 Be7 30. g4 Bd8 31. Ke2 Bc7 32. f3 exf3+ 33. Kxf3 Bd8 34. a4 Rd7 35. b4 Bc7 (35... Rd6 {keeps fighting.} 36. e4 dxe4+ 37. Kxe4 Bc7) 36. Ke2 Bd8 37. Kd3 h5 $2 (37... Rd6 38. e4 dxe4+ 39. Ke3 (39. Kxe4 Kf7 $16) (39. Nxe4 Rd5 $16) 39... Rd7) 38. gxh5 f5 39. h6 Rh7 40. Rxd5 Bf6 $2 (40... Bc7 41. Rb5 Rxh6) 41. Rb5 {White is clearly winning.} Bd8 42. Re5+ Kf6 (42... Kf7 $142 43. Rxf5+ Ke8 44. Re5+ Kf7) 43. Re8 {Accuracy: White = 93%, Black = 58%.} 1-0